000 02251nam a2200397 a 4500
001 00003831
003 DO-SdBNP
005 20180309134808.0
007 00003831
008 091118s2014 dr abc 000 0 spa d
020 _a9789945118414
040 _aBPMSU
_bspa
_cBPMSU
092 _a373.83
_bS678h 3ro. 2014
245 0 0 _aSociedad 3 ; historia y geografía de la República Dominicana :
_beducación media /
_cEladio Antonio Robles Florentino... [et al.] ; editores Fanny Capellán Almonte, Eric Castro Ricart ; dirección editorial Obdulia García de Escobar y Claudia Llibre
260 _aSanto Domingo :
_bSantillana,
_c2014.
300 _a295 p. :
_bil., mapas., retrs. ;
_c28 cm.
490 1 _aInnova
500 _aEducación média /1er. grado/2do. ciclo / Tercer de bachillerato
505 0 _tBloque 1.
_t1. Época colonial --2.La división de la isla --3.Reconquista y España Boba --
_tBloque 2.
_t4. Independencia Nacional -- 5.Anexión y guerra restauradora --
_tBloque 3.
_t6.La segunda República -- 7. Los gobiernos azules --
_tBloque 4.
_t8. La intervención norteamericana -- 9. La dictadura de Trujillo --
_tBloque 5.
_t10. Evolución socioeconómica -- 11. Organización del espacio dominicano. 12 Sociologia y Antropología.
_tBloque 6.
_t13.Localizacion y territorio del país y la isla -- 14.Geología de la isla de la Española -- 15. El relieve de la Española -- 16.Hidrografía de la Española -- 17.El clima de la Española -- 18.Los suelos dominicanos -- 19. Las áreas protegídas
650 4 _aCIENCIAS SOCIALES
_xENSEÑANZA SECUNDARIA
650 4 _aCIENCIAS SOCIALES
_xESTUDIOS Y EJERCICIOS
650 4 _aCIENCIAS SOCIALES
_xLIBROS DE TEXTOS
650 4 _aEDUCACIÓN SECUNDARIA
_zREPÚBLICA DOMINICANA
650 4 _aCIENCIAS SOCIALES
_xEDUCACIÓN SECUNDARIA
700 1 2 _aRobles Florentino, Eladio Antonio
700 1 2 _aAlmonte Ysiano, Ana Iris
700 1 2 _aCastro Ricart, Eric
700 1 2 _aLafontaine, Ana Luisa
700 1 2 _aCapellán Almonte, Fanny
830 0 _aInnova
910 _aValidado. Control de calidad MFF
942 _2ddc
_cBK
945 _aRemanejado para la BNPHU / 2018 BT
956 _aVMATEO
_b10
_c20150708
_lBPMSU
_h00151
956 _aLOPEREZ
_b10
_c20160407
_lBPMSU
_h10
999 _c9609
_d9609